000 00389nmm a2200145Ia 4500
008 251105s9999||||xx |||||||||||||||||und||
041 _aspa
100 _aGallagher, Raquel R.
245 0 _aNo me quieras
264 _a[Madrid, España] :
_bEdiciones B,
_c2015
300 _a111 páginas
650 _aRomance
856 _uhttps://public.digitaliapublishing.com/a/54249
942 _cCF
999 _c105466
_d105466